30 Frames a Second The WTO in Seattle. Photojournalist's personal odyssey through the streets of Seattle during the WTO meeting (Registro nro. 53303)
[ vista simple ]
| 000 -ENCABEZADO | |
|---|---|
| Número de control [NR] | 01091nam a2200265Ia 4500 |
| 005 - FECHA Y HORA DE LA ÚLTIMA TRANSACCIÓN | |
| control field | 20151026145322.0 |
| 008 - DE LONGITUD FIJA DE DATOS DE ELEMENTOS - INFORMACIÓN GENERAL | |
| Elementos de longitud fija [NR] | 130821s2000 xxua gs eng |
| 040 ## - FUENTE DE CATALOGACION [NR] | |
| Agencia de catalogación original [NR] | Co-BoUCM |
| Idioma de catalogación [NR] | spa |
| Quien Cataloga | [Nuevo] |
| 041 00 - CODIGO DE IDIOMA [R] | |
| Código de idioma para texto/pista de sonido o título separado [R] | Inglés |
| 092 ## - SIGNATURA TOPOGRAFICA LOCAL | |
| Número de clasificación local | DVD 0215 |
| 245 03 - MENCION DE TITULO [NR] | |
| Título [NR] | 30 Frames a Second The WTO in Seattle. Photojournalist's personal odyssey through the streets of Seattle during the WTO meeting |
| Mención de responsabilidad, etc. [NR] | [DVD] |
| -- | escrita y dirigida por Rustin Thompson |
| 260 ## - PUBLICACION, DISTRIBUCION, ETC. (PIE DE IMPRENTA) [R] | |
| Lugar de publicación, distribución, etc. [R] | Washington D.C. (Estados Unidos) |
| Nombre del editor, distribuidor, etc. [R] | White Noise Production |
| Fecha de publicación, distribución, etc. [R] | 2000 |
| 300 ## - DESCRIPCION FISICA [R] | |
| Extensión [R] | 1 DVD |
| Otros detalles físicos [NR] | son., color |
| 508 ## - NOTA DE CREDITOS DE CREACION/PRODUCCION [R] | |
| Nota de créditos de creación/producción [NR] | CREDITOS : Rustin Thompson, director; Rustin Thompson y Ann Hedreen, productores. |
| 546 ## - NOTA DE IDIOMA [R] | |
| Nota de idioma [NR] | Audio en Inglés. |
| 610 ## - ASIENTO SECUNDARIO DE MATERIA - NOMBRE CORPORATIVO [R] | |
| Nombre corporativo o nombre de la jurisdicción como elemento de entrada [NR] | World Trade Organization. WTO |
| 9 (RLIN) | 4767 |
| 650 04 - ASIENTO SECUNDARIO DE MATERIA - TERMINO TEMATICO [R] | |
| Término temático o nombre geográfico como elemento de entrada [NR] | Ciencia política |
| 9 (RLIN) | 26457 |
| 650 04 - ASIENTO SECUNDARIO DE MATERIA - TERMINO TEMATICO [R] | |
| Término temático o nombre geográfico como elemento de entrada [NR] | Economía internacional |
| Subdivisión de forma [R] | DVD |
| 9 (RLIN) | 7543 |
| 650 04 - ASIENTO SECUNDARIO DE MATERIA - TERMINO TEMATICO [R] | |
| Término temático o nombre geográfico como elemento de entrada [NR] | Movimientos de protesta |
| Subdivisión geográfica [R] | Segovia (españa) |
| Subdivisión de forma [R] | DVD |
| 9 (RLIN) | 19835 |
| 650 04 - ASIENTO SECUNDARIO DE MATERIA - TERMINO TEMATICO [R] | |
| Término temático o nombre geográfico como elemento de entrada [NR] | Periodismo |
| 9 (RLIN) | 21340 |
| 650 04 - ASIENTO SECUNDARIO DE MATERIA - TERMINO TEMATICO [R] | |
| Término temático o nombre geográfico como elemento de entrada [NR] | Periodistas |
| Subdivisión geográfica [R] | Estados Unidos |
| Subdivisión de forma [R] | DVD |
| 9 (RLIN) | 21366 |
| 700 1# - ASIENTO SECUNDARIO - NOMBRE PERSONAL [R] | |
| Nombre personal [NR] | Thompson, Rustin |
| 9 (RLIN) | 67407 |
| 710 2# - ASIENTO SECUNDARIO - NOMBRE CORPORATIVO [R] | |
| Nombre corporativo o de jurisdicción como elemento de entrada [NR] | White Noise Production |
| 9 (RLIN) | 67408 |
| 942 ## - ELEMENTOS DE ENTRADA AGREGADOS (KOHA) | |
| Koha item type | Multimedia |
| Source of classification or shelving scheme | LOCAL |
| Tema principal | Comunicación |
| Edition | 1 |
| Suprimido | Perdido | Sistema de clasificación | Dañado | No prestable | Tipo de ítem específico | Ubicación habitual | Ubicación actual | Localización | Fecha de creación | Forma de adquisición | Costo | Total préstamos | Total Renewals | Signatura topográfica | Código de barras | Última vez visto | Fecha de último préstamo | Ejemplar | Price effective from | Tipo de ítem |
|---|---|---|---|---|---|---|---|---|---|---|---|---|---|---|---|---|---|---|---|---|
| LOCAL | Préstamo restringido | DVD | Procesos Técnicos (no para préstamo) | Procesos Técnicos (no para préstamo) | Procesos Técnicos | 19/02/2013 | Compra | 30.99 | DVD 0215 | 100086501 | 03/12/2025 | 07/05/2012 | Ej.1 | 03/02/2013 | Multimedia | |||||
| LOCAL | DVD | Quinta de Mutis | Quinta de Mutis | Colección digital | 19/02/2013 | Donación | 26000.00 | 3 | 13 | DVD 0215 | 100086502 | 12/12/2025 | 09/02/2013 | Ej.2 | 03/02/2013 | Multimedia | ||||
| LOCAL | DVD | Quinta de Mutis | Quinta de Mutis | Colección digital | 09/02/2015 | Donación | DVD 0215 | 100145004 | 12/12/2025 | Ej.3 | 09/02/2015 | Multimedia |